000 00634cam a22001694a 4500
005 20250605163653.0
008 250528s ||||||||||||||||||||||||d
035 _a23992
040 _aGR-AtMCL
_bgre
_dGR-AtMCL
_eAACR2
245 1 _aSupply Chain and Logistics / Το Περιοδικό για την Εφοδιαστική Αλυσίδα
260 _bParametros Group
_bScl Magazine,
_c2019
300 _a144
520 _aGreece: The New Gateway to Europe, The Greek Logistics Sector Structure Survey by IBHS, The Suspected Step in Investments Can be Restored.
942 _cCR
999 _c8896
_d8896